| 000 | 00751nam a2200193 i 4500 | ||
|---|---|---|---|
| 001 | 151690 | ||
| 003 | ES-MaACL | ||
| 005 | 20250831063039.0 | ||
| 008 | 931025m17771788po |||| | por d | ||
| 100 | 1 |
_aBarros, João de, _d1496-1570 _926048 |
|
| 245 | 1 | 0 |
_aDa Asia de Jo¯ao de Barros _b: dos feitos que os portuguezes fizeram no descubrimiento e conquista dos mares e terras do Oriente : decada segunda, parte segunda. |
| 260 |
_aLisboa : _bna Regie Officina Typografica, _c1777. |
||
| 300 |
_a[12], 496 p. ; _c8º. |
||
| 597 | _aSign.: *6, A-Z8, 2A-2H8. | ||
| 597 | _aPort. con esc. xil. | ||
| 650 | 0 | 7 |
_aDescubrimientos geográficos portugueses _2embne _911832 |
| 852 |
_aES-MaACL _jR-1959 _z-- Enc. hol. |
||
| 999 |
_c151690 _d151690 |
||